Normal view
MARC view
- Ullman, Jeffrey D.,
Entry Personal Name
001 - CONTROL NUMBER
- control field: 37022
003 - CONTROL NUMBER IDENTIFIER
- control field: OSt
005 - DATE AND TIME OF LATEST TRANSACTION
- control field: 20141222154233.0
008 - FIXED-LENGTH DATA ELEMENTS
- fixed length control field: 141222|| aca||aabn | a|a d
040 ## - CATALOGING SOURCE
- Original cataloging agency: OSt
100 1# - HEADING--PERSONAL NAME
- Personal name: Ullman, Jeffrey D.,
- Dates associated with a name: 1942-
400 1# - SEE FROM TRACING--PERSONAL NAME
- Personal name: Ullman, Jeffrey,
- Dates associated with a name: 1942-
400 1# - SEE FROM TRACING--PERSONAL NAME
- Personal name: Ullman, J. D. |q (Jeffrey D.),
- Dates associated with a name: 1942-
400 1# - SEE FROM TRACING--PERSONAL NAME
- Personal name: Ullman, Jeffrey David,
- Dates associated with a name: 1942-
400 1# - SEE FROM TRACING--PERSONAL NAME
- Personal name: Ullman, Jeff,
- Dates associated with a name: 1942-